Statistics for All Total Drama Contestants (Plus Hosts)

Click here to take the quiz!

General Stats

  • This quiz has been taken 199 times
  • The average score is 60 of 87

Answer Stats

Season Answer % Correct
HostChris
100%
TDIOwen
98%
TDIGwen
97%
Co-HostChef
96%
TDROTIBeverly
96%
TDINoah
95%
TDIDuncan
95%
TDIZeke
94%
TDILeshawna
93%
TDIHeather
93%
TDIDJ
92%
TDILindsay
92%
TDIGeoff
92%
TDIEva
92%
TDIBridgette
91%
TDIBeth
91%
TDIKatie
90%
TDWTAlejandro
90%
TDIIzzy
90%
TDISadie
90%
TDICourtney
89%
TDICody
89%
TDIHarold
88%
TDWTSierra
88%
TDITyler
87%
TDIJustin
87%
TDITrent
87%
TDROTILightning
84%
TDROTIMike
84%
TDROTICameron
83%
TDROTIJo
82%
TDROTISam
81%
TDROTIZoey
81%
TDROTIScott
78%
TDROTIDawn
77%
TDROTIDakota
75%
TDPIShawn
73%
TDPISky
72%
TDPIDave
72%
TDROTIBrick
71%
TDWTBlainley
71%
TDPILeonard
70%
TDPIAmy
69%
TDPIJasmine
69%
TDPIMax
69%
TDPISugar
69%
TDROTIStaci
66%
HostDon
66%
TDPIScarlett
66%
TDPIBeardo
66%
TDROTIAnne Maria
63%
TDPITopher
62%
TDRRBrody
62%
TDPISamey
61%
TDPIElla
61%
TDRRMacArthur
61%
TDPIRodney
60%
TDRREmma
58%
TDRRJunior
57%
TDRRKitty
55%
TDRRSanders
53%
TDRRDwayne
52%
TDRRTammy
50%
TDRRDevin
50%
TDRRMickey
49%
TDRRJacques
49%
TDRRCrimson
48%
TDRRTaylor
46%
TDRRTom
46%
TDRRCarrie
46%
TDRRStephanie
45%
TDRRRyan
45%
TDRRJen
45%
TDRRJosee
45%
TDRREnnui
45%
TDRRChet
45%
TDRRSpud
44%
TDRRPete
43%
TDRRLorenzo
42%
TDRRRock
42%
TDRRKelly
41%
TDRRMiles
41%
TDRRJay
40%
TDRRMary
40%
TDRREllody
40%
TDRRGerry
40%
TDRRLaurie
39%

Score Distribution

Percentile by Number Answered

Percent of People with Each Score

Your Score History

You have not taken this quiz